Growing Up Bin Laden (Record no. 13803)

MARC details
000 -LEADER
fixed length control field 00678nam a2200253 a 4500
020 ## - INTERNATIONAL STANDARD BOOK NUMBER
ISBN 9781851687466
082 00 - DEWEY DECIMAL CLASSIFICATION NUMBER
Classification number 922.4
Author Cutter SAS
100 ## - MAIN ENTRY--AUTHOR NAME
Author name Sasson, Jean
245 ## - TITLE STATEMENT
Title Growing Up Bin Laden
Sub title Osama`s Wife and Son Take Us Inside Their Secret World
260 ## - PUBLICATION, DISTRIBUTION, ETC. (IMPRINT)
Place of publication Oxford
Name of publisher One World Publications
Year of publication 2010
300 ## - PHYSICAL DESCRIPTION
Number of Pages 334p
500 ## - GENERAL NOTE
General note includes index and biblioraphy
505 2# - FORMATTED CONTENTS NOTE
Formatted contents note Index
650 ## - SUBJECT ADDED ENTRY--TOPICAL TERM
Topical Term Biography-Bin Laden
942 ## - ADDED ENTRY ELEMENTS (KOHA)
Koha item type Books
700 1# -
-- Najwa, Bin Laden
700 1# -
-- Oman, Bin Laden
Holdings
Collection code Home library Current library Date acquired Cost, normal purchase price Full call number Accession Number Koha item type
  Henry Martyn Institute Library Henry Martyn Institute Library 01/06/2011 595.00 922.4 SAS 023409 Books
                   Copyright © 2026 | Henry Martyn Institute | Hyderabad | TS-500052 | INDIA | Implemented by hmi.edu.in
Hit-Count:

Powered by Koha